000 00576nam a2200229Ia 4500
003 OSt
005 20220924153755.0
006 a|||||r|||| 00| 0
007 ta
008 220923b |||||||| |||| 00| 0 mal d
024 _a351599
037 _cTextual
040 _aARTS
_cARTS
_bmal
041 _2mal
_amal
082 _aO32,3NNA1, J1
100 _aNair M.K. Au.
_9229742
245 0 _aNatanmadamma
260 _c1951
650 _aMALAYALAM LITERATURE
_938866
942 _hO32,3NNA1, J1
_cTEXL
_2CC
999 _c474759
_d474759